Anales de la Academia Matritense del Notariado T. XXVIII

Detalles Bibliográficos
Autor Corporativo: Academia Matritense del Notariado
Formato: Libro
Publicado: Madrid : EDERSA, 2005.
Materias:
Acceso en línea:Acceso restringido (Tomo XXVIII)

MARC

LEADER 00000nam a22000007a 4500
005 2011091406456.0
008 040924s2005 z 000 0 c
035 |a 558 
040 |a ES-BaICA  |d vLex 
090 |c 2455  |d 2455 
110 2 |a Academia Matritense del Notariado 
245 1 0 |a Anales de la Academia Matritense del Notariado  |h [Recurso electrn̤ico] /  |c Academia Matritense del Notariado  |n T. XXVIII 
256 |a Servicio en ln̕ea. 
260 |a Madrid :  |b EDERSA,  |c 2005. 
300 |a 16 vol. ;  |c 24 cm 
300 |a 1 recurso electrn̤ico 
506 1 |a Contenido solo disponible en los productos indicados  |d vLex Global  |d vLex Global (Academic Edition, excluding Law Schools)  |d vLex Global (U.S. Academic Edition, Law Schools)  |d vLex Global (U.S. Academic Edition, excluding Law Schools)  |d vLex Global (Academic Edition, Law Schools) 
650 0 4 |a Derecho notarial  |z Espaą 
740 0 |a vLex Libros (Servicio en ln̕ea) 
856 4 0 |u http://vlex.com/source/anales-academia-matriense-notariado-558  |z Acceso restringido (Tomo XXVIII) 
907 |i   
942 |c BOOK